Los fundamentos del socialismo en Cuba y el problema de la discriminación racial. Seminario sobre el 35° Aniversario de la Publicación de "Los Fundamentos del Socialismo en Cuba" /
El documento presenta una ponencia presentada en el Seminario sobre el 35° Aniversario de la Publicación de "Los Fundamentos del Socialismo en Cuba", los días del 20 al 22 de noviembre de 1978. En el que se presenta un análisis de los fundamentos del socialismo en Cuba y el problema de la...
Gardado en:
| Autor Principal: | |
|---|---|
| Autor Corporativo: | |
| Formato: | Procedimiento de la Conferencia |
| Idioma: | Spanish |
| Publicado: |
La Habana :
Centro de Estudios sobre América
1978
|
| Materias: | |
| Etiquetas: |
Engadir etiqueta
Sen Etiquetas, Sexa o primeiro en etiquetar este rexistro!
|
MARC
| LEADER | 00000 a a2200000 04500 | ||
|---|---|---|---|
| 001 | 15758 | ||
| 003 | cru CIDCACS/IIS | ||
| 005 | 20230612094054.0 | ||
| 008 | 230612e1978 cu ||||| |||| 00| 0 spa d | ||
| 020 | |a [sin ISBN] | ||
| 040 | |c CRAI/IIS | ||
| 090 | |a 03.03.01 S471d | ||
| 100 | |a Salomón, Luis |9 11437 | ||
| 111 | |a Seminario sobre el 35° Aniversario de la Publicación de "Los Fundamentos del Socialismo en Cuba" | ||
| 245 | |a Los fundamentos del socialismo en Cuba y el problema de la discriminación racial. |b Seminario sobre el 35° Aniversario de la Publicación de "Los Fundamentos del Socialismo en Cuba" / |c Luis Salomón | ||
| 260 | |a La Habana : |b Centro de Estudios sobre América |c 1978 | ||
| 300 | |a 28 páginas | ||
| 520 | |a El documento presenta una ponencia presentada en el Seminario sobre el 35° Aniversario de la Publicación de "Los Fundamentos del Socialismo en Cuba", los días del 20 al 22 de noviembre de 1978. En el que se presenta un análisis de los fundamentos del socialismo en Cuba y el problema de la discriminación racial. | ||
| 650 | 0 | |9 633 |a DISCRIMINACION RACIAL | |
| 650 | 0 | |9 2097 |a SOCIALISMO | |
| 650 | 0 | |9 404 |a RACISMO | |
| 651 | 4 | |9 1846 |a CUBA | |
| 942 | |2 ddc |c LITG |h 03.03.01 S471d |i 13789 |6 030301_S471D_13789 | ||
| 999 | |c 45061 |d 45061 | ||
